00718nam a2200241Ia 4500003000400000005001700004008004100021020001800062040000700080041000800087082002200095100003000117245003300147250000600180260003900186300001600225365001400241650002500255906003100280942001200311999001900323952013400342OSt20230517153131.0210423s2012 xx 000 0 und d a9788126538423 cAL aeng a576.1919 BITW223 aBITTON (Gabriel).9106941 aWastewater microbiology Ed 4 a4 aNew DelhibJohn Wiley & Sonsc2012 axvi,781bPB b1495cINR aMicrobiology9106942 amicrobiology. ; Wastewater 2ddccBK c164911d164911 001040708BTaSACPGbSACPGd2013-09-12eAthulya Booksg1495.00l0o576.1919 BITWpPG011409r2022-08-24 00:00:00w2021-04-26yBK